Henry and Mudge : (Record no. 2365)

MARC details
000 -LEADER
fixed length control field 00934pam a2200265 a 4500
005 - DATE AND TIME OF LATEST TRANSACTION
control field 20231121134952.0
020 ## - INTERNATIONAL STANDARD BOOK NUMBER
International Standard Book Number 0689713991 :
Terms of availability $3.95 ($4.95 Can.)
040 ## - CATALOGING SOURCE
Original cataloging agency DLC
Transcribing agency DLC
Modifying agency DLC
Language of cataloging eng
050 10 - LIBRARY OF CONGRESS CALL NUMBER
Classification number PZ7.R982
Item number Hlk 1990
082 00 - DEWEY DECIMAL CLASSIFICATION NUMBER
Classification number [E]
Edition number 20
100 1# - MAIN ENTRY--PERSONAL NAME
Personal name Rylant, Cynthia
245 10 - TITLE STATEMENT
Title Henry and Mudge :
Remainder of title the first book of their adventures /
Statement of responsibility, etc. story by Cynthia Rylant ; pictures by Suçie Stevenson.
250 ## - EDITION STATEMENT
Edition statement First Scholastic printing, September 2003
260 ## - PUBLICATION, DISTRIBUTION, ETC.
Place of publication, distribution, etc. New York :
Name of publisher, distributor, etc. Scholastic,
Date of publication, distribution, etc. 1987
300 ## - PHYSICAL DESCRIPTION
Extent 39 pages :
Other physical details color illustrations
Dimensions 22 cm
505 ## - FORMATTED CONTENTS NOTE
Formatted contents note H
520 ## - SUMMARY, ETC.
Summary, etc. Henry, feeling lonely on a street without any other children, finds companionship and love in a big dog named Mudge.
521 ## - TARGET AUDIENCE NOTE
Target audience note 460
Source Lexile
521 ## - TARGET AUDIENCE NOTE
Target audience note H
Source Raz-Plus
650 #1 - SUBJECT ADDED ENTRY--TOPICAL TERM
Topical term or geographic name entry element Dogs
General subdivision Fiction.
700 1# - ADDED ENTRY--PERSONAL NAME
Personal name Stevenson, Suçie
Relator term illustrator
906 ## - LOCAL DATA ELEMENT F, LDF (RLIN)
a 7
b cbc
c orignew
d 1
e ocip
f 19
g y-gencatlg
942 ## - ADDED ENTRY ELEMENTS (KOHA)
Source of classification or shelving scheme Dewey Decimal Classification
Koha item type Books
Suppress in OPAC No
999 ## -
-- 2365
-- 2365
Holdings
Withdrawn status Lost status Source of classification or shelving scheme Damaged status Not for loan Collection Home library Current library Shelving location Date acquired Total Checkouts Full call number Barcode Date last seen Price effective from Koha item type
    Dewey Decimal Classification     Juvenile Fiction Footprints International School Library Network Toul Kork Campus Footprints International School Library Network Toul Kork Campus TK Primary Library Room(4th Floor), Bookcase 1&2, Shelves 1-16, Dark Blue Books 11/20/2023   RYL 813.54 PZ7.R982 FISTK03633 11/20/2023 11/20/2023 Books